Quiz o województwie małopolskim - Statystyki

Ogólne statystyki
  • Ten quiz został rozwiązany 21 razy
  • Średni wynik to 10 z 15
Statystyki odpowiedzi
Hint Odpowiedź % Poprawnych
Stolica Kraków
100%
Ludność województwa (w milionach) 3
93%
Liczba miast na prawach powiatu 3
93%
Znajduje się Aushwitz-Birkenau Oświęcim
93%
Rzeka płynąca przez Kraków Wisła
93%
Miasto nazywane "zimową stolicą Polski" Zakopane
93%
Największy dzwon Małopolski Dzwon Zygmunta
71%
Miasta na prawach powiatu Kraków, Tarnów, Nowy Sącz
64%
Powstanie województwa (rok) 1999
57%
Największy powiat Nowosądecki
50%
Wojewoda Krzysztof Klęczar
43%
Rzeki płynące przez Tarnów Biała, Dunajec
36%
Miasto nazywane "Polską Jerozolimą" Kalwaria Zebrzydowska
36%
Najmniejsze miasto powiatowe Proszowice
36%
Najmnjejszy powiat Proszowicki
29%
Nie znaleziono quizów pasujących do podanych kryteriów
Rozkład punktacji
Procent ludzi z każdym wynikiem
Percentyl według liczby udzielonych odpowiedzi
Twoja historia wyników
Nie rozwiązałeś tego quizu